[Event "FRA-ch U18"]
[Site "Aix les Bains"]
[Date "2009.04.24"]
[Round "7"]
[White "Gauthier, Melle"]
[Black "Castro, John"]
[Result "0-1"]
[WhiteElo "1670"]
[BlackElo "2085"]
[PlyCount "48"]
[EventDate "2009.04.19"]
[EventType "swiss"]
[EventRounds "9"]
[EventCountry "FRA"]
[SourceTitle "CBM 130 Extra"]
[Source "ChessBase"]
[SourceDate "2009.07.02"]
[SourceVersion "2"]
[SourceVersionDate "2009.07.15"]
[SourceQuality "1"]

1. e4 c5 2. Nf3 Nc6 3. c3 Nf6 4. Bd3 d6 5. h3 e5 6. Bc2 d5 7. exd5 Qxd5 8. 0-0 Be7 9. Ba4 0-0 10. Bxc6 bxc6 11. d4 e4 12. Nh2 Ba6 13. Re1 Rad8 14. Be3 cxd4 15. cxd4 c5 16. Nc3 Qb7 17. Na4 cxd4 18. Bxd4 Qb4 19. Bc3 Rxd1 20. Bxb4 Rxa1 21. Rxa1 Bxb4 22. a3 Bd6 23. Rd1 Bd3 24. f3 Bxh2+ 0-1